LEADER 01622nam a2200301 u 4500 001 000000014135 003 CaOOAMICUS 005 20070226105729.0 008 940517s1989 it u000 u ita u 035 $a10336055 040 $aPUL(R)$bita 100 1 $aBertolino, Rinaldo.$0(OLS)http://pul/name/11667 245 13$aIl nuovo diritto ecclesiale tra coscienza dell'uomo e isituzione :$bsaggi di diritto costituzionale canonico /$cRinaldo Bertolino. 260 $aTorino :$bGiappichelli,$c1989. 300 $avii, 176 p. ;$c23 cm 490 1 $aCollana di studi di diritto canonico ed ecclesiastico.$aSezione canonistica ;$v1 504 $aContiene bibliografia. 650 4$aDiritto costituzionale canonico.$0(OLS)http://pul/subject/2961 830 0$aCollana di studi di diritto canonico ed ecclesiastico.$pSezione canonistica ;$v1.$0(OLS)http://pul/title/11570 850 $aPUL 852 $aPUL$W1$xSL Diritto Canonico 3$y77$m262. 99 CAN.7 1.1.1$j19871$nBK-PRI$b $qDDC 21$B19871$CPULBib$Z2$F19871 $H64655 $82 852 $aPUL$W1$xDP1 Fondo Ciprotti$y59$m1544 C 44$j19872$nBK-PRI$b $qFondi$B19872$CPULBib$Z2$F19872 $81 852 $aPUL$W1$xDP1 Fondo G. Barberini$y122$m3 C 56.1$j176391$nBK-PRI$b 3 copia$qFondi$B178857$CPULBib$Z2$F178857 $HBar1413 $81 941 1 $a9 941 1 $a1 961 $aINV: F. Ciprotti 996 $6245$aIl nuovo diritto ecclesiale tra coscienza dell'uomo e isituzione :$bsaggi di diritto costituzionale canonico$9(OLS)http://pul/title/20340 996 $6260$aTorino :$bGiappichelli$9(OLS)http://pul/publisher/48244 LEADER 01490namaa2200313 i 4500 001 000000178439 003 CaOOAMICUS 005 20260129120126.0 007 tu 008 260129s2000 it oe 000 u ita r 040 $aPUL$bita$erda 082 0 $a726.5 100 1 $aLotti, Carlo Alberto,$eautore.$0(OLS)http://pul/name/114816 245 10$aSanta Maria del Monte sopra Varese :$bil monte sacro Olona e il sacro monte del rosario /$cCarlo Alberto Lotti ; fotografie di Vivi Papi . 264 1$aSanta Maria del Monte (VA) :$bSantuario di Santa Maria del Monte,$c[2000] 300 $a286 pagine :$bfcsimili, fotografie, illustrazioni, piante ;$c31 cm 336 $atesto$btxt$2rdacontent 337 $asenza mediazione$bn$2rdamedia 338 $avolume$bnc$2rdacarrier 650 4$aSantuari mariani.$0(OLS)http://pul/subject/15355 650 4$aSantuari$zItalia$zLombardia.$0(OLS)http://pul/subject/13721 700 1 $aPapi, Vivi,$efotografo.$0(OLS)http://pul/name/114817 850 $aPUL 852 $aPUL$W1$xDP1 Fondo Liberati$y125$m4 B 12$j32991$qFondi$B207552$CPULBib$Z2$F207552 $HLib313 $82 941 1 $a1 996 $6082$a726.5$9(OLS)http://pul/classification/2104 996 $6245$aSanta Maria del Monte sopra Varese :$bil monte sacro Olona e il sacro monte del rosario$9(OLS)http://pul/title/220023 996 $6264$aSanta Maria del Monte (VA) :$bSantuario di Santa Maria del Monte$9(OLS)http://pul/publisher/87716